Statistiques concernant Les 25 pays les plus innovants

Cliquez ici pour prendre le quiz!

Statistiques générales

  • Ce quiz a été pris 77 fois
  • Le résultat moyen est 22 sur 25

Statistiques - réponses

ScorePays% Correct
84,7France
99%
88,4Allemagne
97%
83,4Canada
97%
86,9Etats-Unis
97%
81,3Australie
96%
90,6Japon
96%
74,9Chine
94%
86,5Suède
94%
83,9Royaume-Uni
93%
81,0Russie
93%
79,5Suisse
93%
96,3Corée du Sud
92%
73,7Italie
92%
74,0Espagne
90%
88,3Finlande
90%
79,9Norvège
89%
75,8Pays-Bas
83%
79,2Autriche
82%
76,0Belgique
82%
83,8Danemark
82%
77,3Nouvelle-Zélande
78%
75,5Irlande
74%
73,5Pologne
72%
87,0Israël
51%
84,9Singapour
50%

Distribution des résultats

Percentile par nombre de réponses

% des personnes avec chaque résultat

Votre développement - résultats

Vous n’avez pas pris ce quiz